Tablice rejstracyjne wg powiatów PL - Statystyki

Ogólne statystyki
  • Ten quiz został rozwiązany 73 razy
  • Średni wynik to 131 z 401
Statystyki odpowiedzi
Hint Odpowiedź % Poprawnych
BI Białystok
82%
CB Bydgoszcz
73%
CT Toruń
69%
BS Suwałki
67%
BIA białostocki
65%
CBY bydgoski
63%
CG Grudziądz
63%
CIN inowrocławski
63%
CTR toruński
63%
CW Włocławek
63%
CWL włocławski
63%
DW Wrocław
63%
EL Łódź
61%
BL Łomża
61%
BAU augustowski
59%
GD Gdańsk
59%
CAL aleksandrowski
57%
KK Kraków
57%
KR Kraków
57%
GA Gdynia
55%
FG Gorzów Wielkopolski
55%
BSU suwalski
55%
CZN żniński
55%
GDA gdański
53%
CGR grudziądzki
53%
DL Legnica
53%
FZ Zielona Góra
53%
TK Kielce
51%
PO Poznań
51%
DWR wrocławski
51%
EBE bełchatowski
49%
DJ Jelenia Góra
49%
LU Lublin
49%
OP Opole
49%
GS Słupsk
49%
CTU tucholski
49%
CBR brodnicki
47%
CCH chełmiński
47%
GCH chojnicki
47%
SG Gliwice
47%
FGW gorzowski
47%
BGR grajewski
47%
BHA hajnowski
47%
SK Katowice
47%
DLE legnicki
47%
GPU pucki
47%
SR Rybnik
47%
CSW świecki
47%
KT Tarnów
47%
EZG zgierski
47%
FZI zielonogórski
47%
BBI bielski
45%
SB Bielsko-Biała
45%
SY Bytom
45%
SH Chorzów
45%
SC Częstochowa
45%
SD Dąbrowa Górnicza
45%
SJ Jaworzno
45%
PK Kalisz
45%
KRA krakowski
45%
GLE lęborski
45%
CMG mogileński
45%
KN Nowy Sącz
45%
NO Olsztyn
45%
EP Piotrków Trybunalski
45%
PZ poznański
45%
RZ Rzeszów
45%
DB Wałbrzych
45%
GWE wejherowski
45%
BZA zambrowski
45%
NE Elbląg
43%
CNA nakielski
43%
KNS nowosądecki
43%
PY Poznań
43%
RP Przemyśl
43%
CSE sępoleński
43%
ES Skierniewice
43%
GSL słupski
43%
GSP Sopot
43%
SO Sosnowiec
43%
ZS Szczecin
43%
GTC tczewski
43%
ETM tomaszowski
43%
KWI wielicki
43%
SBE będziński
41%
SCZ częstochowski
41%
SGL gliwicki
41%
PGN gnieźnieński
41%
CGD golubsko-dobrzyński
41%
TKI kielecki
41%
ZK Koszalin
41%
RK Krosno
41%
CLI lipnowski
41%
BLM łomżyński
41%
GMB malborski
41%
BMN moniecki
41%
SM Mysłowice
41%
GND nowodworski
41%
KNT nowotarski
41%
EPA pabianicki
41%
EPI piotrkowski
41%
CRA radziejowski
41%
CRY rypiński
41%
SI Siemianowice Śląskie
41%
ZSW Świnoujście
41%
ST Tychy
41%
DBA wałbrzyski
41%
BWM wysokomazowiecki
41%
SZ Zabrze
41%
LZ Zamość
41%
SBI bielski
39%
NIL iławski
39%
PKA kaliski
39%
BKL kolneński
39%
PN Konin
39%
ZKO koszaliński
39%
NOL olsztyński
39%
OPO opolski
39%
KOS oświęcimski
39%
ESI sieradzki
39%
ESK skierniewicki
39%
GST starogardzki
39%
RT Tarnobrzeg
39%
KTA tarnowski
39%
KTT tatrzański
39%
CWA wąbrzeski
39%
LB Biała Podlaska
37%
RBI bieszczadzki
37%
OB brzeski
37%
GBY bytowski
37%
LC Chełm
37%
NEB elbląski
37%
NGI giżycki
37%
ZKL kołobrzeski
37%
PKN koniński
37%
RKR krośnieński
37%
GKW kwidzyński
37%
PL Leszno
37%
WO Ostrołęka
37%
WOT otwocki
37%
SPI Piekary Śląskie
37%
RPR przemyski
37%
TSA sandomierski
37%
ZSL sławieński
37%
RTA tarnobrzeski
37%
KWA wadowicki
37%
GCZ człuchowski
35%
NEL ełcki
35%
PJA jarociński
35%
SJZ Jastrzębie-Zdrój
35%
GKA kartuski
35%
NKE kętrzyński
35%
GKS kościerski
35%
LUB lubelski
35%
NMR mrągowski
35%
SMY myszkowski
35%
WND nowodworski
35%
FNW nowosolski
35%
KOL olkuski
35%
PP pilski
35%
WP Płock
35%
WR Radom
35%
RZE rzeszowski
35%
BSE sejneński
35%
FSL słubicki
35%
PSR średzki
35%
ZZ Szczecin
35%
FWS wschowski
35%
SZO Żory
35%
ZDR drawski
33%
WGR grójecki
33%
DKL kłodzki
33%
OKL kluczborski
33%
DOL oleśnicki
33%
POS ostrowski
33%
ZPL policki
33%
ERW rawski
33%
SL Ruda Śląska
33%
SRB rybnicki
33%
WS Siedlce
33%
ZST stargardzki
33%
FSW świebodziński
33%
PZL złotowski
33%
LBI bialski
31%
LCH chełmski
31%
SCI cieszyński
31%
RDE dębicki
31%
DGL głogowski
31%
LHR hrubieszowski
31%
RJA jarosławski
31%
TJE jędrzejowski
31%
DJE karkonoski
31%
FKR krośnieński
31%
ELW łódzki wschodni
31%
DLU lubiński
31%
FMI międzyrzecki
31%
SMI mikołowski
31%
ONY nyski
31%
WPI piaseczyński
31%
WPR pruszkowski
31%
BSI siemiatycki
31%
BSK sokólski
31%
DSW świdnicki
31%
GSZ sztumski
31%
LTM tomaszowski
31%
NWE węgorzewski
31%
EWI wieluński
31%
LZA zamojski
31%
FZA żarski
31%
SZY żywiecki
31%
ZBI białogardzki
29%
KBC bocheński
29%
DBL bolesławiecki
29%
TBU buski
29%
ZGY gryficki
29%
ZGR gryfiński
29%
ZKA kamieński
29%
OK kędzierzyńsko-kozielski
29%
KLI limanowski
29%
DMI milicki
29%
POB obornicki
29%
TOP opatowski
29%
WOS ostrołęcki
29%
NPI piski
29%
ZPY pyrzycki
29%
SRC raciborski
29%
WSI siedlecki
29%
TSK skarżyski
29%
DSR średzki
29%
SW Świętochłowice
29%
ZSZ szczecinecki
29%
ZWA wałecki
29%
FZG żagański
29%
SZA zawierciański
29%
EZD zduńskowolski
29%
NBA bartoszycki
27%
NBR braniewski
27%
DDZ dzierżoniowski
27%
ZGL goleniowski
27%
RLE leżajski
27%
ELC łowicki
27%
SLU lubliniecki
27%
DLW lwówecki
27%
ZMY myśliborski
27%
NNI nidzicki
27%
NNM nowomiejski
27%
PNT nowotomyski
27%
DOA oławski
27%
EPJ pajęczański
27%
WPL płocki
27%
KPR proszowicki
27%
LPU puławski
27%
FSU sulęciński
27%
LSW świdnicki
27%
STA tarnogórski
27%
GWO wejherowski
27%
DZG zgorzelecki
27%
SBL bieruńsko-lędziński
25%
NDZ działdowski
25%
WG garwoliński
25%
SKL kłobucki
25%
ELE łęczycki
25%
PLE leszczyński
25%
RMI mielecki
25%
KMY myślenicki
25%
TOS ostrowiecki
25%
LPA parczewski
25%
WPN płoński
25%
EPD poddębicki
25%
WRA radomski
25%
RSA sanocki
25%
TST starachowicki
25%
FSD strzelecko-drezdenecki
25%
KSU suski
25%
WB Warszawa Bemowo
25%
WF Warszawa Praga Południe
25%
SWD wodzisławski
25%
WZY żyrardowski
25%
LBL biłgorajski
24%
KBR brzeski
24%
WCI ciechanowski
24%
KDA dąbrowski
24%
PGS gostyński
24%
DJA jaworski
24%
NLI lidzbarski
24%
WML mławski
24%
ONA namysłowski
24%
PPL pleszewski
24%
SPS pszczyński
24%
WPU pułtuski
24%
ERA radomszczański
24%
NSZ szczycieński
24%
DTR trzebnicki
24%
WA Warszawa Białołęka
24%
WH Warszawa Praga Północ
24%
WI Warszawa Śródmieście
24%
WJ Warszawa Targówek
24%
WN Warszawa Ursynów
24%
EBR brzeziński
22%
RBR brzozowski
22%
PCH chodzieski
22%
OGL głubczycki
22%
KGR gorlicki
22%
WGM grodziski
22%
RJS jasielski
22%
TKA kazimierski
22%
RKL kolbuszowski
22%
TKN konecki
22%
OKR krapkowicki
22%
RLA łańcucki
22%
RLS leski
22%
ZLO łobeski
22%
RLU lubaczowski
22%
KMI miechowski
22%
PMI międzychodzki
22%
RNI niżański
22%
OOL oleski
22%
NOS ostródzki
22%
POT ostrzeszowski
22%
WPP pruszkowski
22%
WPS pruszkowski
22%
RPZ przeworski
22%
RRS ropczycko-sędziszowski
22%
PSL słupecki
22%
RST stalowowolski
22%
PTU turecki
22%
WK Warszawa Ursus
22%
WZ warszawski zachodni
22%
PWR wrzesiński
22%
ZCH choszczeński
20%
KCH chrzanowski
20%
NGO gołdapski
20%
LKR kraśnicki
20%
PKR krotoszyński
20%
ELA łaski
20%
WLI lipski
20%
WM miński
20%
LOP opolski
20%
DPL polkowicki
20%
PRA rawicki
20%
LRY rycki
20%
OST strzelecki
20%
RSR strzyżowski
20%
PSZ szamotulski
20%
WSZ szydłowiecki
20%
PWA wągrowiecki
20%
WE Warszawa Mokotów
20%
WU Warszawa Ochota
20%
EWE wieruszowski
20%
TLW włoszczowski
20%
DZL złotoryjski
20%
WBR białobrzeski
18%
PCT czarnkowsko-trzcianecki
18%
WGS gostyniński
18%
DKA kamiennogórski
18%
PKE kępiński
18%
PKL kolski
18%
PKS kościański
18%
WKZ kozienicki
18%
LLE łęczyński
18%
WL legionowski
18%
DLB lubański
18%
LLB lubartowski
18%
WMA makowski
18%
NOE olecki
18%
TPI pińczowski
18%
OPR prudnicki
18%
TSZ staszowski
18%
WY Warszawa Wola
18%
WWE węgrowski
18%
LWL włodawski
18%
WWL wołomiński
18%
DWL wołowski
18%
WWY wyszkowski
18%
DZA ząbkowicki
18%
WZU żuromiński
18%
WZW zwoleński
18%
KBA bocheński
16%
DGR górowski
16%
PGO grodziski
16%
LJA janowski
16%
LKS krasnostawski
16%
LLU łukowski
16%
WOR ostrowski
16%
WPZ przasnyski
16%
WPY przysuski
16%
LRA radzyński
16%
WSE sierpecki
16%
WSC sochaczewski
16%
WSK sokołowski
16%
PSE śremski
16%
DST strzeliński
16%
WD Warszawa Bielany
16%
WT Warszawa Wawer
16%
SWZ wodzisławski
16%
WLS łosicki
14%
PWL wolsztyński
14%
ZSD stargardzki
12%
WW Warszawa Rembertów, Wilanów, Włochy
10%
WV wołomiński
10%
WX Warszawa Wesoła, Żoliborz
8%
Nie znaleziono quizów pasujących do podanych kryteriów
Rozkład punktacji
Procent ludzi z każdym wynikiem
Percentyl według liczby udzielonych odpowiedzi
Twoja historia wyników
Nie rozwiązałeś tego quizu